000 00348nam a2200145Ia 4500
005 20251222153644.0
008 251222s9999||||xx |||||||||||||| ||spa||
020 _a8486600103
082 _a616.025/L54
100 _aLewis, Peter J.
245 0 _aTerapéutica de Bolsillo:
250 _a1ra. ed.
264 _bMedical Advise, S.A.
942 _cLIB
999 _c32847
_d32847